00442nam a2200181Ia 4500003000400000005001700004008004100021020001800062040000700080041000800087082002000095100001900115245003000134260004700164300001400211365001300225650002200238OSt20230504162045.0210423s2012 xx 000 0 und d a9788177585483 cAL aeng a530.12 SAKJ223 aSAKURAI (J J). aModern quantum mechanics. aNew DelhibPearson Education Pvt Ltdc2012 ax,508bPB b540cINR aQuantum Mechanics